| 000 | 00790cam a2200241 a 4500 | ||
|---|---|---|---|
| 999 |
_c4002 _d4002 |
||
| 001 | 15417 | ||
| 003 | BD-DhUAP | ||
| 005 | 20200316122214.0 | ||
| 008 | 200301s1998 bg abf b f000 0 eng | ||
| 020 | _a9788130915111 | ||
| 040 |
_aBD-DhUAP _cBD-DhUAP _dBD-DhUAP _bEng |
||
| 082 |
_a808.042 MCL _223 |
||
| 100 | _aMcLaren, Stephen. | ||
| 245 |
_aEssay writing made easy : _byour essential aid for exam success / _cStephen McLaren. |
||
| 250 | _a2nd ed. | ||
| 260 |
_aNew Delhi : _bViva Books Private Limited, _cc2003 [Reprinted 2010]. |
||
| 300 |
_axiv, 153 pages ; _c23 cm. |
||
| 504 | _aIncludes bibliographical references and index. | ||
| 650 |
_aEnglish language _vRhetoric |
||
| 650 |
_aEssay _vAuthorship. |
||
| 942 |
_2ddc _cBK |
||